MCU Movie Newspaper Headlines - Statistics

General Stats
  • This quiz has been taken 61 times
  • The average score is 23 of 27
Answer Stats
Headline Movie % Correct
The star-spangled man goes down in glory as his ship crashes in the Arctic Captain America: The First Avenger
100%
Unprecedented heroes defeat zealot Ronan, prevent Xandar from destruction Guardians of the Galaxy
98%
Monaco Grand Prix interrupted by mechanically suited maniac with electrified whips Iron Man 2
98%
Alien army attacks New York city, fought off by superhero team The Avengers
98%
Tony Stark's house bombarded and destroyed in terrorist attack, Stark disappears Iron Man 3
96%
Asgard destroyed by fire demon, Thor leads civilians on a voyage to new home Thor: Ragnarok
96%
Captain America and Tony Stark lead Avengers against each other in German airport Captain America: Civil War
94%
Avengers subdue AI army, Sokovian capital destroyed Avengers: Age of Ultron
91%
Wakandans and Avengers go to war against intergalactic army in Wakanda Avengers: Infinity War
91%
Pint-sized hero rescues ordinary family from dangerous enemy Ant-Man
89%
Futuristic suits battle atop Stark Industries building Iron Man
89%
Supposedly, Avengers master time travel and set out to restore universe's population Avengers: Endgame
87%
Long-lost relative of T'Chaka appears and takes the Wakandan throne Black Panther
87%
Renowned NY surgeon loses the use of hands in car accident Doctor Strange
87%
Nation of Wakanda finally divulges revolutionary tech, including vibranium resources Black Panther
85%
Sovereign launches all-out attack against Guardians after stealing batteries Guardians of the Galaxy Vol. 2
85%
Destroyed Avengers facility serves as battlefield between Avengers and extraterrestrial army Avengers: Endgame
83%
US president abducted by villains, suspicions arise of work of the Mandarin Iron Man 3
81%
Whale-watching tour disrupted by giant man emerging and plunging into the ocean Ant-Man and the Wasp
77%
Steve Rogers and Natasha Romanoff convicted as wanted traitors to SHIELD Captain America: The Winter Soldier
77%
Tony Stark, James Rhodes fend off army of drones in New York Iron Man 2
77%
Mysterious orb unleashed powerful blast of energy on Knowhere Guardians of the Galaxy
74%
Nigerian freak accident occurs when magic-possessing Avenger causes death of humanitarian workers Captain America: Civil War
72%
SHIELD helicarrier brought down, Hydra conspiracy revealed Captain America: The Winter Soldier
70%
Bizarrely lethal mythical being comes close to swallowing Hong Kong Doctor Strange
70%
Destructive technological monster attacks small town in New Mexico Thor
68%
Foreign spaceship lands in London, kick-starts utterly confusing battle Thor: The Dark World
49%
No matching quizzes found
Score Distribution
Percent of People with Each Score
Percentile by Number Answered
Your Score History
You have not taken this quiz